000 00920cac a22002655a 4500
999 _c3024
_d3024
003 EG-ScBUE
005 20200106144934.0
008 190725r19491928enk f 001 0 eng d
040 _aEG-ScBUE
_beng
_erda
_cEG-ScBUE
_dEG-ScBUE
082 0 4 _a808
_bREA
_222
100 1 _aRead, Herbert,‏
_d1893-1968,
_eauthor.
245 1 0 _aEnglish rose style /
_bby Herbert Read, sometime professor of fine arts, Edinburgh University and lately editor of the Bulington Magazine.
250 _aReprinted edition.
264 1 _aLondon :
_bG. Bell and Sons, Ltd,
_c1949.
300 _axv, 227 pages ;
_b21 cm
336 _2rdacontent
_atext
_btxt
337 _2rdamedia
_aunmediated
_bn
338 _2rdacarrier
_avolume
_bnc
500 _aincludes index.
590 _anadeen magdy
650 7 _aEnglish language
_xStyle.
_2BUEsh
_939128
653 _bHHUUEENN
_cJuly2019
655 _vReading book
942 _cBB
_k808.06637 R2204
_2ddc